| 000 | 00530nam a22002057a 4500 | ||
|---|---|---|---|
| 001 | 21543 | ||
| 005 | 20260312090715.0 | ||
| 008 | 260312b |||||||| |||| 00| 0 spa d | ||
| 041 | _aESP | ||
| 082 |
_a624.17 _bS21A 2018 |
||
| 100 | _aSan Bartolomé Ramos, Ángel | ||
| 245 | _aDiseño y construcción de estructuras sismorresistentes de albañilería | ||
| 260 |
_a : _b , _c2018 |
||
| 300 |
_a343 páginas : _b ; _c24 cm. |
||
| 440 | _a ; | ||
| 650 | _aTCA | ||
| 654 | _aCIC | ||
| 700 | _a; | ||
| 942 |
_cLIB _dJUS _fJUS _2ddc |
||
| 999 |
_c21543 _d21543 |
||